Mandalas: una técnica ancestral para desarrollar la atención y la concentración con estudiantes con TEL mixto de una escuela de lenguaje de Maipú

La presente investigación está planteada desde la necesidad por parte del docente de estar continuamente revisando sus estrategias de trabajo hacia sus estudiantes, para que estas sean cada vez más efectivas. Por otro lado, se evidenciará que los estudiantes por su parte presentan períodos cortos de...

Descripción completa

Detalles Bibliográficos
Autor principal: Constanzo Baeza, Macarena
Otros Autores: Pino Duarte, Yoisse, Placencio Naranjo, Karina, Vidal Mella, Ximena (profesor guía)
Formato: Tesis
Lenguaje:español
Publicado: Santiago, Chile : Universidad Academia de Humanismo Cristiano, 2019.
Materias:
Acceso en línea:Disponible en línea (PDF). Biblioteca Digital UAHC

MARC

LEADER 00000cmm a2200000 a 4500
001 000330
003 UAHC_CL
005 20210909180518.0
008 171121s2019 cl 000 spa
952 |0 0  |1 0  |2 ddc  |4 0  |6 TPEDIF_233_000000000000000  |7 0  |8 COMP  |9 93274  |a BC  |b BC  |c Referencia  |d 2020-01-16  |l 0  |o TPEDIF 233  |p 5808  |r 2020-01-16 00:00:00  |w 2020-01-16  |y TS  |B PEDIF 
999 |c 52991  |d 52991 
040 |a UAHC_CL  |c UAHC_CL  |d UAHC_CL 
100 |a Constanzo Baeza, Macarena  |9 10554 
245 1 0 |a Mandalas:  |b una técnica ancestral para desarrollar la atención y la concentración con estudiantes con TEL mixto de una escuela de lenguaje de Maipú  |c Macarena Constanzo, Yoisse Pino, Karina Placencio; profesor guía Ximena Vidal. 
260 |a Santiago, Chile :  |b Universidad Academia de Humanismo Cristiano,  |c 2019. 
300 |a 1 cd rom 
500 |a Tesis para optar al título de Profesor de Educación Diferencial con mención en Trastorno Específico del Lenguaje Oral. 
502 |a Tesis (Profesor de educación diferencial) -- Universidad Academia de Humanismo Cristiano, 2019. 
516 |a Tesis electrónica (PDF) 
520 |a La presente investigación está planteada desde la necesidad por parte del docente de estar continuamente revisando sus estrategias de trabajo hacia sus estudiantes, para que estas sean cada vez más efectivas. Por otro lado, se evidenciará que los estudiantes por su parte presentan períodos cortos de atención y concentración durante las experiencias de aprendizajes, los que se ven reflejados en su desmotivación, síntomas de aburrimiento, la poca creatividad y los cortos espacios para atender a un estímulo. 
650 0 |9 1263  |a Educación especial 
650 0 |9 3994  |a Lenguaje y educación 
700 |a Pino Duarte, Yoisse  |9 10555 
700 |a Placencio Naranjo, Karina  |9 10556 
700 |a Vidal Mella, Ximena  |9 7576  |e profesor guía 
856 |u http://bibliotecadigital.academia.cl/xmlui/handle/123456789/5275  |y Disponible en línea (PDF). Biblioteca Digital UAHC 
900 |a TPEDIF 233 
942 |c TS  |2 ddc